Arhitekts Jānis Alksnis, 1869 - 1939

Titel: Arhitekts Jānis Alksnis, 1869 - 1939 = Jānis Alksnis, 1869 - 1939 architect / Jānis Krastiņš
Verfasser:
Veröffentlicht: Rīga : ADD Projekts, 2009
Umfang: 400 S. : zahlr. Ill., Kt.
Format: Buch
Sprache: Lettisch
RVK-Notation:
Schlagworte:
ISBN: 9789984968797
Buchumschlag
X
Lokale Klassifikation: 46 9 D ; 46 8 R 701
alg: 22215720
001A    $03004:31-03-10 
001B    $06055:01-03-26 $t18:52:40.000 
001C    $03004:15-04-14 $t12:05:11.000 
001D    $03004:15-04-14 
001U    $0utf8 
001X    $00 
002@    $0Aau 
003@    $0222157208 
004A    $A978-9984-9687-9-7 
007A    $0222157208 $aHEB 
007G    $0DE020107C10AE5FDF5275C1257CC3002B8563 
007T    $0Herdhh222157208 
009P    $qapplication/pdf $A2 $3Inhaltsverzeichnis $uhttp://scans.hebis.de/HEBCGI/show.pl?22215720_toc.pdf $mV:DE-603;B:DE-Mb50 
010@    $alav 
011@    $a2009 
021A    $aArhitekts Jānis Alksnis, 1869 - 1939 $fJānis Alksnis, 1869 - 1939 architect $hJānis Krastiņš 
027A/01 $aJānis Alksnis, 1869 - 1939 architect 
028A    $#Krastiņš, J. $#Krastinʹš, Ja. $#Krastinʹš, Janis Albertovič $#Krastinʹš, Janis A. $#Krastinʹš, Ja. A. $#Krastinʹš, Janis $#Krastinsch, Janis $#Krastinʹsh, Ia. $#Krastynʹ, Ja. $#Krastynʹš, Janis $#Krastynʹš, Janis Albertovič $#Krastynʹš, Janis A. $#Krastynʹ, Ja. $#Krastynʹ, Janis Albertovič $#Крастиньш, Янис Албертович $#Крастиньш, Янис $#Крастиньш, Я. А. $#Крастыньш, Янис Албертович $#Крастыньш, Янис $#Крастыньш, Я. А. $#Крастынь, Я. $#Крастынь, Янис Албертович $7130021881 $8Krastiņš, Jānis$Z1943- [Tp1] $9160256003 
033A    $pRīga $nADD Projekts 
034D    $a400 S. 
034M    $azahlr. Ill., Kt. 
044K    $D20251120 $Ecgmnf $7102075253X $8Alksnis, Jānis$Z1869-1939 [Tp1] $9291626211 
044K    $#Riga $#Rīga $#Ryga $#Riega $#Riga in Lieffland $#Rigae Livonum $#Rygae $#Righa $D20251120 $Ecgmnf $74050042-1 $8Riga [Tg1] $9085139726 
044K    $RArchitekt $RBaudenkmal $RBauweise $RInnenarchitektur $#Architecture $#Architecture $#Baukunst $D20251120 $Ecgmnf $74002851-3 $8Architektur [Ts1] $9084999292 
044K    $RFin de siècle $#Art nouveau $#Art nouveau $#Art nouveau $#Arte modernista $#Art nouveau $#Stile floreale $#Stile liberty $#Liberty Kunststil $#Modernismo $D20251120 $Ecgmnf $74028939-4 $8Jugendstil [Ts1] $9085076406 
045F    $a709.4796 $eDDC23BSB 
045F/01 $a709 
045F/03 $g4796 
045G    $a929.094796 $eDDC23BSB 
045G/01 $a929 
045G/03 $g4796 
045Z    $D20251120 $Ecgmnf $8LO 80170 [Tkv] $9410096237 

lok: 22215720 24
101B    $015-04-14 $t12:05:11.000 
101C    $015-04-14 
101U    $0utf8 
145Z/01 $a46 9 D 
145Z/02 $a46 8 R 701 

exp: 22215720 24 1 #EPN
201B/01 $015-04-14 $t12:07:25.000 
201C/01 $031-03-10 
201U/01 $0utf8 
203@/01 $0590444255 
208@/01 $a15-04-14 $bz 
209A/01 $a14.04059 $du $f050 $h14 04059 $x00 
209C/01 $a14.04059 K $h14 04059 K 
209G/01 $a73466504 $x00 
220C/01 $amar 
244Z/01 $7102075253X $8--Tp1--Alksnis, Jānis$Z1869-1939 $x01 $9291626211 
247C/01 $8358050-7 Marburg, Bibliothek des Herder-Instituts Marburg $9102600961 

lok: 22215720 78

exp: 22215720 78 1 #EPN
201B/01 $019-04-17 $t21:50:35.000 
201U/01 $0utf8 
203@/01 $0793585279 
208@/01 $a12-11-16 $be 
209A/01 $a/ $f000 $x00 
244Z/01 $2Trx $#Latvija $#Lettland $#Łotwa $#Lotyšsko $8--Trx--Latvija $x01 $9391275879 
244Z/01 $2Trx $#Alksnis, Jānis $8--Trx--Alkšņš, Jānis$Z1869-1939 $x02 $9390561320 
244Z/01 $2Trx $8--Trx--Monographie $x03 $9391384546 
244Z/01 $2Trx $#biograafiad $#biografijos $#biography $#életrajzok $#biografia $#biografie $#biografie $8--Trx--Biographie $x04 $9391352938 
245Z/01 $a12.03 $x01 
247C/01 $82080>Marburg/Lahn, Herder-Institut, Forschungsbibliothek, Bibliographieportal $9336309341
LEADER 00000cam a2200000 c 4500
001 222157208
003 DE-603
005 20260301185240.0
007 tu
008 100331s2009 xx |||| | u00||u|lav c
020 |a 9789984968797 
035 |a (DE-599)HEB222157208 
040 |a DE-603  |b ger  |c DE-603  |d DE-603 
041 |a lav 
082 0 4 |8 1\u  |a 709.4796  |q DE-101  |2 23/BSB 
083 0 |8 2\u  |a 929.094796  |q DE-101  |2 23/BSB 
084 |a LO 80170  |0 (DE-625)104467:  |0 (DE-603)410096237  |2 rvk 
085 |8 1\u  |b 709 
085 |8 1\u  |z 2  |s 4796 
085 |8 2\u  |b 929 
085 |8 2\u  |z 2  |s 4796 
100 1 |a Krastiņš, Jānis  |d 1943-  |0 (DE-603)160256003  |0 (DE-588)130021881  |2 gnd 
245 0 0 |a Arhitekts Jānis Alksnis, 1869 - 1939  |b = Jānis Alksnis, 1869 - 1939 architect  |c Jānis Krastiņš 
246 1 3 |a Jānis Alksnis, 1869 - 1939 architect 
264 1 |a Rīga  |b ADD Projekts  |c 2009 
300 |a 400 S.  |b zahlr. Ill., Kt. 
600 1 7 |a Alksnis, Jānis  |d 1869-1939  |0 (DE-588)102075253X  |0 (DE-603)291626211  |2 gnd 
650 7 |a Architektur  |0 (DE-588)4002851-3  |0 (DE-603)084999292  |2 gnd 
650 7 |a Jugendstil  |0 (DE-588)4028939-4  |0 (DE-603)085076406  |2 gnd 
651 7 |a Riga  |0 (DE-588)4050042-1  |0 (DE-603)085139726  |2 gnd 
856 4 2 |m V:DE-603;B:DE-Mb50  |q application/pdf  |u http://scans.hebis.de/HEBCGI/show.pl?22215720_toc.pdf  |3 Inhaltsverzeichnis 
924 0 |9 Mb 50  |a (DE-603)590444255  |b DE-Mb50  |c HES  |d c  |g 14.04059 
924 0 |9 2080  |a (DE-603)793585279  |b DE-2080  |c HES  |d d  |g /